Effectif OL 2022-2023 - Statistiques

Statistiques générales
  • Ce quiz a été pris 343 fois
  • Le résultat moyen est 19 sur 30
Statistiques - réponses
Poste Age Nationalité Joueur % Correct
G 32 Portugais Anthony Lopes
100%
A 31 Français Alexandre Lacazette
93%
D 30 Argentin Nicolas Tagliafico
90%
M 28 Français Corentin Tolisso
86%
M 22 Français Maxence Caqueret
86%
A 19 Français Rayan Cherki
84%
A 29 Camerounais Karl Toko Ekambi
80%
D 33 Allemand Jérôme Boateng
79%
G 35 Français Remy Riou
76%
A 26 Zimbabwéen Tino Kadewere
75%
D 19 Fradnçais Castello Lukeba
73%
D 19 Français Malo Gusto
73%
D 21 Ivoirien Sinaly Diomande
72%
M 30 Brésilien Thiago Mendes
71%
M 19 Français Johann Lepenant
69%
A 26 Français Moussa Dembele
68%
M 24 Français Houssem Aouar
66%
A 19 Français Bradley Barcola
64%
M 24 Brésilien Lucas Paqueta
63%
A 22 Brésilien Tetê
60%
D 28 Bresil Henrique
58%
G 28 Allemand Julian Pollersbeck
56%
D 34 Français Damien Da Silva
52%
M 24 Français Jeff Reine-Adelaide
38%
M 18 Français Mohamed El Arouch
38%
M 24 Français Romain Faivre
37%
G 21 Français Kayne Bonnevie
36%
D 27 Mali Youssouf Koné
33%
D 21 Turque Cenk Ozkacar
31%
M 19 Français Florent Sanchez
10%
Aucun quiz correspondant
Distribution des résultats
% des personnes avec chaque résultat
Percentile par nombre de réponses
Votre historique - résultats
Vous n’avez pas pris ce quiz